Elogio de la sabiduría / por el Dr. D. Tomás Carreras y Artau
Descripción Física:
72 p. , 23'5 cm
Materias:
Saviesa
MARC
| LEADER | 00000nam a2200000Ia 4500 | ||
|---|---|---|---|
| 001 | 6142 | ||
| 008 | 160829s1943 xx 000 0 cat d | ||
| 080 | |a F-1-61 | ||
| 100 | |a Carreras i Artau, Tomàs |9 30137 | ||
| 245 | |a Elogio de la sabiduría / por el Dr. D. Tomás Carreras y Artau | ||
| 260 | |a Barcelona : |b Universidad de Barcelona, |c 1943 | ||
| 300 | |a 72 p. , 23'5 cm | ||
| 590 | |a Discurso inaugural del año académico de 1943-44 | ||
| 650 | |a Saviesa |9 24257 | ||
| 710 | 2 | |a Universitat de Barcelona |9 51297 | |
| 901 | |a Arxiu | ||
| 942 | |n 1 | ||
| 952 | |0 0 |1 0 |4 0 |6 F161 |7 1 |9 43041 |a Arxiu |b Arxiu |d 2016-12-01 |l 0 |o F-1-61 |p 6142 |r 2016-12-01 00:00:00 |w 2016-12-01 |y ARXIU | ||
| 999 | |c 45585 |d 45585 | ||